000 01151cam a22003493a 4500
001 16404837
003 OSt
005 20140310182226.0
008 861202s1986 onc 000 0 eng d
010 _a 98816839
020 _a0553154591
035 _a(OCoLC)ocm14914271
040 _aIFG
_cIFG
_dDVA
_dCMI
_dOCLCQ
_dMUS
_dDLC
050 0 0 _aPZ 7
_b.Su968s4 1987
082 _aFIC
_bSu9sv #4
100 _aSuzanne, Jamie.
_94455
245 1 0 _aChoosing sides /
_cwritten by Jamie Suzanne ; created by Francine Pascal.
260 _aToronto ;
_aNew York :
_bBantam Books,
_cc1986.
300 _a104 p. ;
_c20 cm.
490 1 _aSweet Valley Twins ;
_v4
650 0 _aTwins
_vJuvenile fiction.
_917802
650 0 _aFriendship
_vJuvenile fiction.
_917803
650 0 _aTwins
_vFiction.
_917804
650 0 _aFriendship
_vFiction.
_917805
655 7 _aYoung adult fiction.
_2lcsh
_93735
700 1 _aPascal, Francine.
_93767
710 2 _aCopyright Paperback Collection (Library of Congress)
_5DLC
_9705
830 0 _aSweet Valley twins ;
_v4.
_917806
906 _a7
_bcbc
_ccopycat
_d2
_encip
_f19
_gy-genrareb
942 _2lcc
_cBK-FIC
999 _c10813
_d10813